Most Peaceful Countries - Statistics

General Stats
  • This quiz has been taken 154 times
  • The average score is 11 of 15
Answer Stats
Rank Country % Correct
10 Norway
96%
12 Sweden
95%
6 Finland
91%
5 Switzerland
89%
2 Denmark
86%
7 Canada
83%
15 Australia
79%
4 New Zealand
79%
13 Ireland
67%
1 Iceland
66%
9 Belgium
62%
8 Japan
57%
3 Austria
52%
11 Czech Republic
29%
14 Slovenia
29%
No matching quizzes found
Score Distribution
Percent of People with Each Score
Percentile by Number Answered
Your Score History
You have not taken this quiz